03556nkc a2200385za 450000100060000000300040000600500170001000700070002700800410003404000240007524501020009926000150020130001010021650001080031750001530042550003620057850003740094065100280131465500260134285200620136885601500143085601500158085601500173085601500188085601500203085601500218094200250233095201330235595201330248895201330262195201330275495201330288795201330302099900170315384433OSt20260420150930.0kh bo 250408s1895 sp ||||| |||| 00| i|spa d cM-RABAaM-RABAbspa01a[Excavaciones arqueológicas en Kenézlób: hallazgo de restos humanos]h[Material gráfico] c[ca. 1895] a6 fotografíasb: gelatina c; 18 x 16 cm (medidas mínimas)c; 11 x 17 cm (medidas máximas) aConjunto de seis fotografías que representan excavaciones arqueológicas en Kenézló, Hungría.  aLas fotografías presentan restos al verso de pegamento, parecen haber sido despegadas de un soporte secundario. Muchas de ellas presentan roturas. aAcompaña una nota con anotaciones mecanografiadas: “L’âge de la migration des euples. 1. Une sépulture de la cimetière de Cikó. Fouilles exécutées par M. Wossinszky en 1895”. 2.-6. Procédé des foulles des cimetières. Sépultures du temps de la conquète hogroise / IX. Ème siècle/ mis au jour par N. Fettich à Kenézló". aAcompaña una nota con anotaciones mecanografiadas (traducción): La edad de la migración de los euples. 1. Un enterramiento del cementerio de Cikó. Excavaciones realizadas por M. Wossinszky en 1895". 2.-6. Método de excavación del cementerio. Enterramientos de la época de la conquista de Hogroise / siglo IX. siglo/ excavados por N. Fettich en Kenézló 7aHungría2embne975079 7aFotografías.954128 jFot-568 ; Fot-569 ; Fot-570 ; Fot-571 ; Fot-572 ; Fot-573 3Fot-568uhttps://archivoybiblioteca.realacademiabellasartessanfernando.com/cgi-bin/koha/opac-retrieve-file.pl?id=eb50e1859cd1ccf859f738a48d4a9f33 3Fot-569uhttps://archivoybiblioteca.realacademiabellasartessanfernando.com/cgi-bin/koha/opac-retrieve-file.pl?id=a6b7b4c44f466691a26e0720baa53276 3Fot-570uhttps://archivoybiblioteca.realacademiabellasartessanfernando.com/cgi-bin/koha/opac-retrieve-file.pl?id=2ef92ba4f02c192e8fe4e2b6149669f2 3Fot-571uhttps://archivoybiblioteca.realacademiabellasartessanfernando.com/cgi-bin/koha/opac-retrieve-file.pl?id=c9ad138946a4b27b3f72a59e6ec28394 3Fot-572uhttps://archivoybiblioteca.realacademiabellasartessanfernando.com/cgi-bin/koha/opac-retrieve-file.pl?id=6312e64a877f0aa2cd7b644388dda6e1 3Fot-573uhttps://archivoybiblioteca.realacademiabellasartessanfernando.com/cgi-bin/koha/opac-retrieve-file.pl?id=ba4739a731f8edb029c01102ba1c3bdb 2ddccFOTOGRAFÍAn0 00102ddc40708FOTOGRAFIAaRABASFbRABASFcDP2d2025-04-08l0oFot-568p1095308r2025-04-08 14:00:16w2025-04-08yFOTOGRAFÍA 00102ddc40708FOTOGRAFIAaRABASFbRABASFcDP2d2026-04-20l0oFot-569p1097003r2026-04-20 13:52:17w2026-04-20yFOTOGRAFÍA 00102ddc40708FOTOGRAFIAaRABASFbRABASFcDP2d2026-04-20l0oFot-570p1097004r2026-04-20 13:52:17w2026-04-20yFOTOGRAFÍA 00102ddc40708FOTOGRAFIAaRABASFbRABASFcDP2d2026-04-20l0oFot-571p1097005r2026-04-20 13:52:17w2026-04-20yFOTOGRAFÍA 00102ddc40708FOTOGRAFIAaRABASFbRABASFcDP2d2026-04-20l0oFot-572p1097006r2026-04-20 13:52:17w2026-04-20yFOTOGRAFÍA 00102ddc40708FOTOGRAFIAaRABASFbRABASFcDP2d2026-04-20l0oFot-573p1097007r2026-04-20 13:52:17w2026-04-20yFOTOGRAFÍA c84433d84433